000 00945nam a2200277Ia 4500
003 OSt
005 20221005110650.0
006 a|||||r|||| 00| 0
007 ta
008 221004b |||||||| |||| 00| 0 hin d
020 _a8126704454 (hbk)
_cIndian Rupees 110
024 _a38868
037 _bGift, 28/08/2018,
_cTextual
040 _aCRL
_cCRL
_bhin
041 _2hin
_ahin
082 _aO152,1N59x, P2
100 _aगिल, गगन, ले.
245 0 _aअॅंधेरे में बुद्ध
246 _aAॅandhere mean buddha
260 _aनई दिल्ली
_bराजकमल प्रकाशन भारत
_c2002
300 _a134पृ0
_ccm.
650 _a हिन्दी साहित्य
650 _aहिन्दी कविता
942 _hO152,1N59x, P2
_cTEXL
_2cc
999 _c1019522
_d1019522